Landlocked Countries Containing K - Statistics

General Stats
  • This quiz has been taken 15 times
    8 since last reset
  • The average score is 6 of 8
Answer Stats
Country % Correct
Kazakhstan
100%
Kyrgyzstan
100%
Kosovo
86%
Turkmenistan
86%
Tajikistan
71%
Uzbekistan
71%
Burkina Faso
57%
Slovakia
43%
No matching quizzes found
Score Distribution
Percent of People with Each Score
Percentile by Number Answered
Your Score History
You have not taken this quiz since the last reset